01517nam a22002897a 4500003000500000008004100005020001800046040001400064041001300078082003400091100002400125245002700149260007500176300002700251336002700278337003300305338002900338505021800367650002800585650004000613650002400653942001400677952017300691952017300864952017301037999001701210BPGM260618b2006 mx ||||| |||| 001 0 spa d a970-771-007-1 aBPGMbspa aspahspa0422006aCQ 861M / bV37529/ V36 aVEGA REAL, GABRIEL  aEL VENDEDOR DE POEMAS  aQUERETARO ; bINSTITUTO QUERETANO DE LA CULTURA Y LAS ARTES , c2006 . a59c22.2 cm x 10.3 cm  2rdacontentatextobtxt 2rdamediaasin mediaciónbn 2rdacarrieravolumen bnc aEL VENDEDOR DE POEMAS ES UNA METÁFORA SOBRE LA RESISTENCIA DE LOS SENTIMIENTOS ANTE LA INDIFERENCIA DEL MUNDO INDUSTRIALIZADO, RECORDÁNDONOS QUE SIEMPRE HABRÁ ESPACIO PARA LA POESÍA EN EL CORAZÓN HUMANO. aLITERATURA Y RETÓRICA 2LITERATURAS ESPAÑOLA Y PORTUGUESA aPOESÍA ESPAÑOLA 2ddccCOLQ 00102ddc40728ESPQaBPCEFCbBPCEFCcSALA QUERÉTARO ACCESO B PLANTA ALTAd2026-06-18eDONADOl0oCQ 861M / V37529/ V36r2026-06-18 21:53:30tEJ.1w2026-06-18yCOLQ 00102ddc40728ESPQaBPCEFCbBPCEFCcSALA QUERÉTARO ACCESO B PLANTA ALTAd2026-06-18eDONADOl0oCQ 861M / V37529/ V36r2026-06-18 21:53:36tEJ.2w2026-06-18yCOLQ 00102ddc40728ESPQaBPCEFCbBPCEFCcSALA QUERÉTARO ACCESO B PLANTA ALTAd2026-06-18eDONADOl0oCQ 861M / V37529/ V36r2026-06-18 21:53:41tEL.3w2026-06-18yCOLQ c68643d68643